MARC

LEADER 00000nam0a2200000 4500
001 125887
005 20231031131539.0
035 |a (RuTPU)RU\TPU\book\136203 
090 |a 125887 
100 |a 20071121d1965 km y0rusy50 ca 
101 0 |a rus 
102 |a RU 
105 |a a z 100zy 
200 1 |a Производство серной кислоты в цветной металлургии  |e материалы совещания, состоявшегося в г. Орджоникидзе в январе 1965 г.  |e [сборник докладов]  |f Центральный научно-исследовательский институт информации и технико-экономических исследований цветной металлургии 
210 |a Москва  |c [Б. и.]  |d 1965 
215 |a 130 с.  |c ил. 
225 1 |a Металлургия тяжелых цветных металлов и золота 
610 1 |a производство 
610 1 |a серная кислота 
610 1 |a цветная металлургия 
610 1 |a сборники 
675 |a 661.25  |v 3 
675 |a 621.7м2  |v 3 
712 0 2 |a Центральный научно-исследовательский институт информации и технико-экономических исследований цветной металлургии  |2 stltpush  |3 (RuTPU)RU\TPU\col\8881 
712 1 0 |a Производство серной кислоты в цветной металлургии  |b совещание  |e Орджоникидзе  |f 1965 
801 1 |a RU  |b 63413507  |c 20071121  |g PSBO 
801 2 |a RU  |b 63413507  |c 20080401  |g PSBO 
942 |c BK